000
00293nam a2200121Ia 4500
008
241015s9999 xx 000 0 und d
041
_a
eng
082
_a
920 LAV
100
_a
Lavasa, Ashok,
245
_a
An ordinary life :
260
_b
Harper Collins
_a
Noida
_c
2021
300
_a
210;. P. 23 Cm
999
_c
41937
_d
41937